| 000 | 00442nab a2200145Ia 4500 | ||
|---|---|---|---|
| 003 | ES-SlBCS | ||
| 005 | 20210601143052.0 | ||
| 008 | 140529s2007 xxu||||| |||| 00| 0 spa d | ||
| 041 | _aspa | ||
| 100 | 1 |
_aElorza, Antonio _978279 |
|
| 245 | 0 | 0 |
_aLa otra cara del budismo. Monjes contra espadas _c Antonio Elorza |
| 651 | 4 |
_aBirmania _9152907 |
|
| 773 | 0 |
_tLa Aventura de la Historia _gvol. 9, nº. 110, 2007, págs. 52-59 _wRev1266 |
|
| 942 | _cAR | ||
| 999 |
_c686558 _d686558 |
||